000 01954cam a22004574i 4500
003 PE-LiUPU
005 20250731173326.0
008 150625s2006 sp r 000 0 spa d
020 _a9788482675046
035 _a(Sirsi) i9788482675046
040 _aPE-LiUPU
_bspa
_cPE-LiUPU
_erda
049 _aPRUA
082 0 4 _a220.92
_bM26
_221
100 1 _aMartínez, José M.,
_eautor.
245 1 0 _aFiguras estelares de la Biblia :
_bsu vida y su mensaje /
_cJosé M. Martínez.
264 1 _aViladecavalis(Barcelona) :
_bCLIE,
_c2006.
300 _a431 páginas ;
_c21 centímetros
336 _atext
_2rdacontent
337 _aunmediated
_2rdamedia
338 _avolume
_2rdacarrier
505 0 _aAdán. Padre de la humanidad -- Abraham. Padre de los creyentes -- Jacob. Padre de Israel -- Moisés. Líder y legislador -- David. Primer rey de una dinastía inextinguible -- Isaías El profeta evangélico -- Jeremías. Profeta contra su voluntad -- Juan el Bautista. El precursor -- Simón Pedro. Primer líder apostólico -- Pablo. Apóstol, teólogo y misionero -- Juan Apóstol. Testigo de Jesucristo.
526 _aSEG42
526 _aSEG41
526 _aSEG40
526 _aSEG39
526 _aP94
526 _aP87
526 _aP86
526 _aP85
526 _aP77
526 _aP76
526 _aP35
541 _g001-001317;
630 _aBiblia
_vBiografías.
910 _bJv
_clch
_d20081027
942 _2ddc
_cBOOK
949 _a220.92 M26
_wDEWEY
_c1
_i58676
_d2016-6-13
_e2016-6-10
_lCCODEBUL1
_mBUL
_n9
_r0
_sY
_tBOOK
_u2015-6-25
_xTEOLOGIA
_zUNKNOWN
_0COMPRA
_o.STAFF. Colección General
994 _aC0
_bPEPRU
596 _a1
999 _a220.92 M26
_wDEWEY
_c47555
_i58676
_d47555
_e2017-10-16
_f2021-11-9
_g5
_lCCODEBUL1
_mBUL
_n10
_q1
_r0
_sY
_tBOOK
_u2015-6-25
_xTEOLOGIA
_PP35
_0COMPRA
_o.STAFF. Colección Teología
980 _81
_gALBERTO SANCHEZ Responsable de Automatización